000 00522nam a22002297a 4500
003 UA-OsUOA
001 43174
007 ta
008 20090527b un ||||| |||| 00| 0 ukr d
100 _aМилованов Стеван
090 _a09.-1
_bМ60
942 _cBR
040 _aUA-OsUOA
_bscc
_cUA-OsUOA
_dUA-OsUOA
245 _aНаше одело
300 _a46 с.
955 _a4
041 _ascc
080 _a09.-1
260 _c1895
650 7 _a0 Загальний відділ.
_2UDC
999 _c441648
_d441648